000 01167nam a22003617a 4500
003 CHAP
005 20220817044116.0
008 060613s2005 it rn 00010 fre d
010 _a92390
011 _a93362
020 _a9252052372
035 _a103934
040 _cCHAP
082 0 4 _a631.8
_bF54f v.15
110 2 _aFAO
245 1 0 _aBilans des éléments nutritifs du sol á différentes échelles :
_bapplication des méthodes intermédiaires aux réalités africaines
_c/par FAO
260 _aRome :
_bFAO,
_c2005.
300 _a139 p.
410 2 0 _aFAO
490 0 _aFAO. Fertilizantes y nutrición vegetal
_v;15
590 _aBATCH-UPD
_b10
_c20130110
_lUCH01
_h1202
590 _aBATCH-UPD
_b10
_c20130410
_lUCH01
_h0745
590 _aBATCH-UPD
_b10
_c20130914
_lUCH01
_h1122
590 _aCONVERSION
_b10
_c20130109
_lUCH01
_h1351
650 1 4 _aCultivos
_xAfrica.
_930223
650 1 4 _aFertilizantes
_xEfecto en suelos.
_940553
810 0 _aFAO
830 0 0 _aFAO. Fertilizantes y nutrición vegetal
_v;15
_939563
901 _aBK
905 _aLilia
942 _cLIBRO
949 _a631.8 F54f v.15
_bBC
_cFAO
_d33724000990602
_eFAO1
_h108068
_i103934
_sb
999 _c92390
_d92390